Normal view
MARC view
Entry Personal Name
001 - CONTROL NUMBER
- control field: 246867
003 - CONTROL NUMBER IDENTIFIER
- control field: OSt
005 - DATE AND TIME OF LATEST TRANSACTION
- control field: 20251126124724.0
008 - FIXED-LENGTH DATA ELEMENTS
- fixed length control field: 251126|| aca||aabn | a|a d
040 ## - CATALOGING SOURCE
- Original cataloging agency: OSt
- Transcribing agency: OSt
100 ## - HEADING--PERSONAL NAME
- Personal name: AREHOLE SADASHIVA RAV
- Dates associated with a name: ಅರೆಹೊಳೆ ಸದಾಶಿವ ರಾವ್
670 ## - SOURCE DATA FOUND
- Source citation: Work cat.: (OSt)215400: AREHOLE SADASHIVA RAV ಅರೆಹೊಳೆ ಸದಾಶಿವ ರಾವ್ , Pradakshine: ankana baraha guchcha, 2010